Statistiques concernant Anagrammes aléatoires de pays africains

Cliquez ici pour prendre le quiz!

Statistiques générales

  • Ce quiz a été pris 4 609 fois
  • Le résultat moyen est 16 sur 20

Statistiques - réponses

pays% Correct
Togo
98%
Égypte
97%
Éthiopie
96%
Mali
96%
Kenya
95%
Ghana
94%
Maroc
94%
Bénin
93%
Libye
93%
Madagascar
92%
Zimbabwe
92%
Gabon
91%
Tchad
90%
Érythrée
88%
Zambie
88%
Mozambique
86%
Niger
86%
Rwanda
86%
Djibouti
85%
Botswana
83%
Malawi
82%
Sénégal
81%
Soudan
81%
Tanzanie
78%
Burundi
76%
Guinée
76%
Angola
75%
Nigeria
75%
Ouganda
75%
Seychelles
75%
Algérie
73%
Lesotho
73%
Namibie
72%
Gambie
70%
Tunisie
68%
Eswatini
67%
Mauritanie
67%
Somalie
67%
Comores
61%
Cameroun
58%
Liberia
58%

Distribution des résultats

Percentile par nombre de réponses

% des personnes avec chaque résultat

Votre développement - résultats

Vous n’avez pas pris ce quiz